Slovensko potrebuje Európu a Európa potrebuje Slovensko rozhovor s Jánom Figeľom ...

Bibliographic Details
Other Authors: Fotta, Peter, 1958- (Interviewer)
Format: Article
Language:Slovak
PhysicalDescription:Fotogr.
ISSN:1335-566X
Subjects:

MARC

LEADER 00000nab a2200000 a 4500
001 vtls000735592
003 SK-MaSNL
005 20260426081619.0
008 250429c2000 xo 0 slo
015 |a SNBRB2000/10-26321 
035 |a CLN000087459 
035 |a urn:nbn:sk:snk-ab7bib 
035 |a (uuid)36ab17f4-61a0-48a3-a886-50f692566819 
035 |a (urnnbn)urn:nbn:sk:snk:ar-a07hdh 
035 |a (sysno)vtls000735592 
040 |a SNKBUCL  |b slo  |c SNKBUCL  |e AACR2 
041 0 |a slo 
044 |a xo  |c SK 
080 |a 327.39(4:437.6)  |2 1997 
100 1 |a Fotta, Peter,  |d 1958-  |4 ivr  |9 142019 
245 1 0 |a Slovensko potrebuje Európu a Európa potrebuje Slovensko  |b rozhovor s Jánom Figeľom ...  |c [zhovárali sa] Peter Fotta a Alena Erdziaková 
300 |b Fotogr. 
610 2 7 |a Európska únia  |2 SNKKA  |9 29861 
650 0 7 |a európska integrácia  |2 SNKPH  |9 2140 
651 7 |a Slovensko  |2 SNKPHgeo  |9 14231 
655 7 |a články z novín a časopisov  |2 snkbucl  |9 267496 
700 1 |a Erdziaková, Alena  |4 ive  |9 268524 
700 1 |a Figeľ, Ján,  |d 1960-  |4 ive  |9 105604 
773 0 |t Forum scientiae et sapientiae  |g Roč. 7, č. 2-3 (2000), s. 12-14  |x 1335-566X 
850 |a Slovenská národná knižnica 
852 |a Slovenská národná knižnica 
954 |a odborná, vedecká literatúra pôvodná (slovenská)  |2 lita 
958 |a article27 
958 |a SK 
958 |a OND 
958 |a EUIPO 
992 |a RBX 
999 |c 2847439  |d 2849369